Países mais pobres pelo PIB Per Capita - Statistics

Estatísticas Gerais
  • Esse quiz foi jogado 136 vezes
  • A pontuação média é 13 de 20
Estatísticas das Respostas
# Países PIB Per Capita
(em euros)
% Correto
11 Níger 503 €
83%
10 República Democrática do Congo 494 €
83%
17 Sudão 646 €
83%
3 Sudão do Sul 359 €
82%
4 Somália 394 €
81%
1 Burundi 200 €
77%
15 Chade 589 €
74%
7 República Centro Africana 432 €
69%
5 Moçambique 414 €
68%
19 Ruanda 704 €
66%
2 Eritréia 349 €
64%
18 Guiné Bissau 687 €
58%
12 Malawi 543 €
57%
8 Madagascar 435 €
55%
6 Serra Leoa 430 €
52%
20 Gâmbia 707 €
51%
13 Libéria 569 €
51%
14 Iêmen 584 €
47%
9 Afeganistão 453 €
46%
16 Coréia do Norte 604 €
33%
Nenhum quiz correspondente encontrado
Distribuição das Pontuações
Porcentagem de Pessoas com Cada Pontuação
Percentil de Números Respondidos
Sua Pontuação Histórica
Você não jogou esse quiz